| 000 | 00439nam a2200181 a 4500 | ||
|---|---|---|---|
| 001 | 4648 | ||
| 003 | CO-ViMGA | ||
| 008 | 141112s2004 ck r 000 u spa d | ||
| 040 |
_aCO-ViMGA _bspa _cCO-ViMGA |
||
| 082 | 0 | 4 | _aBr 863.44 A512mn |
| 100 | 1 | _aAmado, Jorge | |
| 245 | 1 | 0 | _aMemoria de un niño |
| 260 |
_aMadrid : _bAlianza, _c1996 |
||
| 300 | _a63 p | ||
| 490 | _aALianza cien, 91 | ||
| 650 | 1 | 4 | _aNOVELA BRASILEÑA |
| 942 |
_2ddc _cBK |
||
| 999 |
_c16658 _d16658 |
||